Baťa architektura a urbanismus 1910-1950 /

Gespeichert in:
Bibliographische Detailangaben
Hauptverfasser: Ševeček, Ludvík (Verfasst von), Gahura, F. L. (Verfasst von), Karfík, Vladimír (Verfasst von), Šlapeta, Vladimír (Verfasst von)
Weitere Verfasser: Horňáková, Ladislava (Zusammenstellung)
Format: Buch
Sprache:Tschechisch
Französisch
Englisch
Deutsch
Veröffentlicht: Zlín : Státní galerie ve Zlíne, 1991
Ausgabe:1. vydanie
Schlagworte:
Tags: Tag hinzufügen
Keine Tags, Fügen Sie das erste Tag hinzu!

MARC

LEADER 00000nam a22000003a 4500
001 0065138
003 SK-STU
005 20190328115338.1
007 ta
008 180521s ----xo-----e------000-0-----d
020 |a 80-85052-06-7 
040 |a STU  |b slo 
041 0 |a cze  |a fre  |a eng  |a ger 
044 |a xr 
100 1 |a Ševeček, Ludvík  |4 aut 
245 1 0 |a Baťa architektura a urbanismus 1910-1950 /  |c aut. Ludvík Ševeček, F. L Gahura, Vladimír Karfík, Vladimír Šlapeta ; zost. Ladislava Horňáková 
250 |a 1. vydanie 
260 |a Zlín :  |b Státní galerie ve Zlíne,  |c 1991 
300 |a 136 s. 
650 0 7 |a architektúra a urbanizmus 
650 0 7 |a Československo 
650 0 7 |a architektúra česká 
650 0 7 |a architektúra slovenská 
650 0 7 |a architektúra európska 
650 0 7 |a Európa 
650 0 7 |a baťovská architektúra 
650 0 7 |a Baťa, Tomáš 
650 0 7 |a Zlín 
650 0 7 |a architekti českí 
650 0 7 |a Vladimír Karfík 
700 1 |a Gahura, F. L.  |4 aut 
700 1 |a Karfík, Vladimír  |4 aut 
700 1 |a Šlapeta, Vladimír  |4 aut 
700 1 |a Horňáková, Ladislava  |4 com 
996 |b 284AU07476  |c A* 10725/U  |l AAKNST  |s P  |a 0  |w 0065138_0001